000 00996nam a2200277Ia 4500
003 GCL
008 140319s9999 xx 000 0 ara d
020 _a6291281977
040 _aGCL /
_cGCL
082 0 4 _a371.5
_bم ن
100 1 _aمحمد ماهر محمود الجمال
245 1 0 _aنحو ثقافات داعمة للاصلاح التعليمى :
_bثقافات الفصل والمدرسة /
_cمحمد ماهر محمود الجمال
260 _aالقاهرة :
_bالمكتبة الاكاديمية ،
_c2006
300 _a81 ص ؛
_c26 سم
490 _aكراسات علمية
_v0
650 0 4 _aالمدرسة
650 0 4 _aالطلبة
650 0 4 _aالتعليم - مناهج
650 0 4 _aالتعليم - تطوير
650 0 4 _aالتعليم - اصلاح
650 0 4 _aالمناهج - مكونات
650 0 4 _aالمدرسة - تنظيم وادارة
650 0 4 _aثقافات المدرسة
650 0 4 _aثقافات الفصل
942 _2ddc
_cBK
999 _c9841
_d9841